00330nam a2200097Ia 4500008004100000100001800041245006000059245004100119260000900160856006300169160531s9999 xx 000 0 und d aJackson, S.M. aGliding Mammals: Taxonomy of Living and Extinct Species cby S.M Jackson, R.W. Thorington, Jr. c2012 uhttp://opensi.si.edu/index.php/smithsonian/catalog/book/77